000 00503nam a2200181Ia 4500
008 090124s9999 xx 000 0 und d
082 _b17172
_a5118
100 _aकुलकर्णी दा.वि.
245 _a हेमांगी
250 _a1
260 _c1968
300 _a163
600 _aकुलकर्णी दा.वि.
630 _a हेमांगी
700 _aकुलकर्णी दा.वि.
730 _a हेमांगी
942 _cBOOK
999 _c131112
_d131112